000 00436 a2200145 4500
001 155464
040 _cEscola São Tomás de Aquino
100 _aALVES, Januária Cristina
240 1 0 _aO Uirapuru e outros animais incríveis do folclore brasileiro
_lpor
245 1 0 _aO Uirapuru e outros animais incríveis do folclore brasileiro
362 0 _a2017
440 1 _aFTD
697 _aFolclore / Adivinhações / Lendas
942 _cBK
999 _c155464
_d155464